000 00409nam a22001217a 4500
082 _a346.5491072
100 _aMalik, Amna Bakhtiar ; Qazi, Shams-Ul-Haq
245 _aThe Sale of Goods Act (III of 1930) /
_cAmna Bakhtiar Malik ; Shams-Ul-Haq Qazi
260 _aLahore :
_bIrfan Law Book House,
_c2018.
300 _a213 p. ;
_c24cm.
942 _2ddc
_cBK
999 _c540979
_d540979